| Tag |
First Indicator |
Second Indicator |
Subfields |
| LEADER |
00000cam a2200000Ia 4500 |
| 001 |
in00002488024 |
| 005 |
20190207102055.0 |
| 008 |
090113s1947 okua 001 0 eng d |
| 035 |
|
|
|a (OCoLC)ocn298243584
|
| 035 |
|
|
|a (OCoLC)298243584
|
| 040 |
|
|
|a TXA
|c TXA
|d UtOrBLW
|
| 043 |
|
|
|a n-us---
|
| 049 |
|
|
|a TXAM
|
| 090 |
|
|
|a TX603
|b .K47 1947
|
| 245 |
0 |
0 |
|a Kerr home canning book.
|
| 264 |
|
1 |
|a Sand Springs, Okla. :
|b Kerr Glass Manufacturing Corp.,
|c [1947]
|
| 264 |
|
4 |
|c ©1947
|
| 300 |
|
|
|a 56 pages :
|b illustrations (some color) ;
|c 25 cm.
|
| 336 |
|
|
|a text
|b txt
|2 rdacontent
|
| 337 |
|
|
|a unmediated
|b n
|2 rdamedia
|
| 338 |
|
|
|a volume
|b nc
|2 rdacarrier
|
| 500 |
|
|
|a The Cushing Library/Chapman Texas Collection copy is part of the Floyd & Louise Chapman Texas & Borderlands Collection.
|5 TXA
|
| 500 |
|
|
|a Cover title.
|
| 500 |
|
|
|a Includes index.
|
| 500 |
|
|
|a The Cushing Library/Texas copy was donated by Ona Stribling Beams, Dallas, Texas, in memory of George William Beams, Class of 1929.
|
| 500 |
|
|
|a "The Texas Cookbook Collection."
|
| 650 |
|
0 |
|a Canning and preserving.
|
| 650 |
|
0 |
|a Food
|x Preservation.
|
| 650 |
|
0 |
|a Cooking, American.
|
| 710 |
2 |
|
|a Kerr Glass Manufacturing Corporation.
|
| 948 |
|
|
|a cataloged
|b h
|c 2009/1/13
|d c
|e jgreene
|f 11:24:53 am
|
| 994 |
|
|
|a C0
|b TXA
|
| 999 |
|
|
|a MARS
|
| 999 |
f |
f |
|s f540999b-9821-335e-b369-46594aa1cf56
|i b1d49462-8a77-38f3-a1bd-3dd445c8ab06
|t 0
|
| 952 |
f |
f |
|p noncirc
|a Texas A&M University
|b College Station
|c Cushing Memorial Library & Archives
|d Cushing: Chapman Texas Collection (Does not check out)
|t 0
|e TX603 .K47 1947
|h Library of Congress classification
|i unmediated -- volume
|
| 998 |
f |
f |
|a TX603 .K47 1947
|t 0
|l Cushing: Chapman Texas Collection (Does not check out)
|